| 000 | 01275nas a2200313 i 4500 | ||
|---|---|---|---|
| 001 | 384 | ||
| 003 | ES-MaACL | ||
| 005 | 20250814062535.0 | ||
| 007 | t| | ||
| 008 | 950801d19222009sp | | 1 ||pa d | ||
| 080 | _a5 | ||
| 245 | 0 | 0 | _aBoletín de la Real Academia de Ciencias, Bellas Letras y Nobles Artes de Córdoba. |
| 260 |
_aCórdoba : _bReal Academia de Ciencias, Bellas Letras y Nobles Artes de Córdoba, _c1922-2009. |
||
| 300 |
_a13 v. : _bgrab. ; _c24 cm. |
||
| 310 | _aTrimestral | ||
| 362 | 0 | _aAño 1, n. 1 (jul./sept. 1922)- año 20, n. 62 (jul.- dic. 1949) ; Año 21, n. 63 (en.-jun. 1950)-año 89, n. 157 (jul.-dic. 2009) | |
| 650 | 4 |
_aInstituciones científicas y diversas _913829 |
|
| 650 | 0 | 7 |
_aCiencias _2embne _910971 |
| 650 | 1 | 7 |
_aArte _2embne _910068 |
| 650 | 1 | 7 |
_aHistoria _2embne _9179933 |
| 655 | 7 |
_2tgfbne _9226866 _aRevistas |
|
| 710 | 2 |
_aReal Academia de Córdoba de Ciencias, Bellas Letras y Nobles Artes. _96302 |
|
| 852 |
_aES-MaACL _jHEM-H-150 _dOlim: HEM-1185 _cHEM |
||
| 856 |
_uhttps://dialnet.unirioja.es/servlet/revista?codigo=1875 _ySumarios de la revista en Dialnet |
||
| 866 | 0 | _o1922-1925(1926)1927-1934(1935),1971-1975. | |
| 942 |
_2udc _cPERIODICA |
||
| 999 |
_c384 _d384 |
||